| 000 | 00677nam a2200217Ia 4500 | ||
|---|---|---|---|
| 008 | 220216s9999 xx 000 0 und d | ||
| 100 | _aPujade-Renaud V | ||
| 245 | 0 | _aSpecific promoters for genetic engineering of the rubber tree: MOlecular and functional analysis | |
| 260 | _bIRRDB Biotechnology Workshop, 9-11 February 2004, Kuala Lumpur, Malaysia. pp. 45-49. | ||
| 500 | _aSource Year: 2018 | ||
| 650 | _aFunctional analysis | ||
| 650 | _aGenetic engineering | ||
| 650 | _aMolecular analysis | ||
| 700 | _aCambillau L | ||
| 700 | _aChrestin H | ||
| 700 | _aMontoro P | ||
| 700 | _aPuangkosol N | ||
| 700 | _aSanier C | ||
| 700 | _aTharreau D | ||
| 942 | _cJS | ||
| 999 |
_c69144 _d69144 |
||